000 00820nam a2200289Ia 4500
008 170203s9999 xx 000 0 und d
020 _a9780545103763
050 _aFic
050 _bS856g
100 _aStilton, Geronimo.
245 4 _aThe giant diamond robbery /
245 _cGeronimo Stilton ; illustrations by WASABI! Studio and Davide Turotti ; translated by Julia Heim.
260 _aNew York :
260 _bScholastic,
260 _c2011
300 _a105 pages :
300 _bcolor illustrations ;
300 _c20 cm.
440 _aGeronimo Stilton ;
440 _v#44.
650 _aChildren's detective and mystery stories
650 _aChildren's humorous stories
650 _aMice--
650 _aThieves--
650 _xChildren's fiction
650 _xChildren's fiction
999 _c306261
_d306261